| 000 | 00394nam a2200181Ia 4500 | ||
|---|---|---|---|
| 001 | 20825 | ||
| 005 | 20260306172834.0 | ||
| 008 | 260306t2017||||xx |||||||||||||| ||spa|| | ||
| 041 | _aESP | ||
| 082 |
_a343.8 _bD98 |
||
| 100 |
_aDurĂ¡n Rojo, Luis _eAUT |
||
| 245 | 0 | _aImpuesto a la renta | |
| 260 | _c2017 | ||
| 300 |
_a _c |
||
| 650 | _aGEN | ||
| 654 | _aCDE | ||
| 942 |
_cLIB _dJUS _fJUS _2ddc _n |
||
| 999 |
_c20825 _d20825 |
||